000 00785cam a22002412 4500
001 0000000313
005 20151021151045.0
008 070122s xx 000 0 eng d
020 _a8178085046 :
_cKES 2,800
040 _aKABU
_cKABU
050 0 _aQA76.9
_b.H85V56
100 1 _aVince, John.
_@0000148435
245 1 0 _aVirtual reality systems /
_cJohn Vince.
260 _aDelhi :
_bPearson Educ.,
_c1995.
300 _a384 p.
650 0 _aHuman-computer interaction.
_@0000148431
650 0 _aVirtual reality.
_@0000148436
908 _a070122
950 _@1
999 _c172
_d172